Webová aplikácia na tvorbu augmentovaných datasetov pre AI

Gespeichert in:
Bibliographische Detailangaben
1. Verfasser: Ďurica, Boris (Verfasst von)
Weitere Verfasser: Orgoň, Miloš (Betreuung Doktorarbeit)
Format: Manuskript Buch
Sprache:Slowakisch
Veröffentlicht: Bratislava : STU v Bratislave FEI, 2025
Schlagworte:
Online-Zugang:https://opac.crzp.sk/?fn=detailBiblioFormChildI172HG1&sid=BA75C2D62745AD5727EE969ED92F&seo=CRZP-detail-kniha
Tags: Tag hinzufügen
Keine Tags, Fügen Sie das erste Tag hinzu!

MARC

LEADER 00000ntm a22000003a 4500
001 stuzp102055
003 SK-STU
005 20260204135718.9
007 ta
008 150427s2015----xo-----f-mn---000-0-slo-d
040 |a STU  |b slo 
041 0 |a slo 
044 |a xo 
100 1 |a Ďurica, Boris  |u 037000  |4 aut  |U FEI Fakulta elektrotechniky a informatiky  |T FEI Ústav multimediálnych informačných a komunikačných technológií  |X 120574  |U E070  |Y 818  |7 120574 
242 0 1 |a The web application for creating augmented datasets for AI  |y eng 
245 1 0 |a Webová aplikácia na tvorbu augmentovaných datasetov pre AI 
260 |a Bratislava :  |b STU v Bratislave FEI,  |c 2025 
300 |a 51 s. 
650 4 |a augmentácia dát  |2 slo 
650 4 |a používateľské rozhranie  |2 slo 
650 4 |a Label Studio  |2 slo 
650 4 |a umelá inteligencia  |2 slo 
650 4 |a data augmentation  |2 eng 
650 4 |a user interface  |2 eng 
650 4 |a Label Studio  |2 eng 
650 4 |a artificial intelligence  |2 eng 
700 1 |a Orgoň, Miloš  |u 037000  |k Z1  |4 ths  |U FEI Fakulta elektrotechniky a informatiky  |T FEI Ústav multimediálnych informačných a komunikačných technológií  |X 2184  |U E070  |Y 818  |7 A000002184 
856 4 |u https://opac.crzp.sk/?fn=detailBiblioFormChildI172HG1&sid=BA75C2D62745AD5727EE969ED92F&seo=CRZP-detail-kniha